| 000 | 00518nam a2200205 a 4500 | ||
|---|---|---|---|
| 001 | 2499 | ||
| 003 | CO-ViMGA | ||
| 008 | 141112s2004 ck r 000 u spa d | ||
| 040 |
_aCO-ViMGA _bspa _cCO-ViMGA |
||
| 082 | 0 | 4 | _a745.5 S767 |
| 100 | 1 | _aStorkenmaier, Helga | |
| 245 | 1 | 0 | _aFarolilles para adorno y fiestas |
| 250 | _a2a | ||
| 260 |
_aBarcelona : _bCeac, _c1978 |
||
| 300 | _a34 p : il | ||
| 490 | _aCómo hacerlo, 21 | ||
| 650 | 1 | 4 |
_aARTESANIAS _94191 |
| 650 | 1 | 4 |
_aFIESTAS - ADORNOS _951448 |
| 942 |
_2ddc _cBK |
||
| 999 |
_c14578 _d14578 |
||